Le Japon et L'informatique

保存先:
書誌詳細
第一著者: Boettcher, Colin
フォーマット: 図書
言語:Undetermined
出版事項: French La Documentation Francaise 1982
主題:
タグ: タグ追加
タグなし, このレコードへの初めてのタグを付けませんか!
Thư viện lưu trữ: Trung tâm Học liệu Trường Đại học Cần Thơ
LEADER 00517nam a2200181Ia 4500
001 CTU_98761
008 210402s9999 xx 000 0 und d
082 |a 001.6 
082 |b B673 
100 |a Boettcher, Colin 
245 0 |a Le Japon et L'informatique 
245 0 |c Colin Boettcher, Pierre Fischer 
260 |a French 
260 |b La Documentation Francaise 
260 |c 1982 
650 |a Electronic data processing,Information 
904 |i M. Loan 
980 |a Trung tâm Học liệu Trường Đại học Cần Thơ